| 000 | 01486cam a2200385 i 4500 | ||
|---|---|---|---|
| 999 |
_c200448939 _d67151 |
||
| 001 | 200448939 | ||
| 003 | TR-AnTOB | ||
| 005 | 20220602112355.0 | ||
| 007 | ta | ||
| 008 | 720427t19641964nyua b 000 0 eng | ||
| 010 | _a 63020723 | ||
| 035 | _a(TR-AnTOB)200448939 | ||
| 040 |
_aDLC _beng _erda _cDLC _dDLC _dOCoLC _dTR-AnTOB |
||
| 041 | 0 | _aeng | |
| 050 | 0 | 4 |
_aHD5707 _b.H373 1964 |
| 090 |
_aHD5707 _b.H373 1964 |
||
| 100 | 1 |
_aHarbison, Frederick H., _d1912-1976 _eauthor _9126496 |
|
| 245 | 1 | 0 |
_aEducation, manpower, and economic growth : _bstrategies of human resource development / _c[by] Frederick Harbison [and] Charles A. Myers. |
| 264 | 1 |
_aNew York : _bMcGraw-Hill, _c[1964] |
|
| 264 | 4 | _c©1964 | |
| 300 |
_axiii, 229 pages : _bdiagrams, tables ; _c24 cm |
||
| 336 |
_atext _btxt _2rdacontent |
||
| 337 |
_aunmediated _bn _2rdamedia |
||
| 338 |
_avolume _bnc _2rdacarrier |
||
| 490 | 0 | _aMcGraw-Hill series in international development | |
| 500 | _a"A joint project of the Industrial Relations Section, Princeton University, and the Industrial Relations Section, Massachusetts Institute of Technology, as part of the Inter-university Study of Labor Problems in Economic Development." | ||
| 504 | _aFOOTNTS | ||
| 650 | 0 |
_aLabor supply _9111664 |
|
| 650 | 0 |
_aEducation _926219 |
|
| 650 | 0 |
_aEconomic development _91528 |
|
| 700 | 1 |
_aMyers, Charles A. _q(Charles Andrew), _d1913-2000 _eauthor _9127582 |
|
| 942 |
_2lcc _cBK |
||